Research in physics and chemistry (Record no. 3452)

MARC details
000 -LEADER
fixed length control field 00777nam a2200205Ia 4500
003 - CONTROL NUMBER IDENTIFIER
control field IN-BaIIA
008 - FIXED-LENGTH DATA ELEMENTS--GENERAL INFORMATION
fixed length control field 211028s9999 xx 000 0 eng d
040 ## - CATALOGING SOURCE
Transcribing agency IIA Library
080 ## - UNIVERSAL DECIMAL CLASSIFICATION NUMBER
Universal Decimal Classification number 523.34-3
Item number RES
111 ## - MAIN ENTRY--MEETING NAME
Meeting name or jurisdiction name as entry element lunar International laboratory symposium
Number of part/section/meeting 3rd
Location of meeting Belgrade
Date of meeting or treaty signing 1967 Sept. 28
9 (RLIN) 6109
245 #0 - TITLE STATEMENT
Title Research in physics and chemistry
Remainder of title proceedings of the third lunar International laboratory (LIL) symposium held at Serbia, Belgrade on 28 September 1967
Statement of responsibility, etc. edited by Frank J. Malina
260 ## - PUBLICATION, DISTRIBUTION, ETC.
Place of publication, distribution, etc. Oxford
Name of publisher, distributor, etc. Pergamon Press
Date of publication, distribution, etc. 1969
300 ## - PHYSICAL DESCRIPTION
Extent viii, 145p.
650 ## - SUBJECT ADDED ENTRY--TOPICAL TERM
Topical term or geographic name entry element Chemistry
650 ## - SUBJECT ADDED ENTRY--TOPICAL TERM
Topical term or geographic name entry element Moon
650 ## - SUBJECT ADDED ENTRY--TOPICAL TERM
Topical term or geographic name entry element Physics
9 (RLIN) 73
700 ## - ADDED ENTRY--PERSONAL NAME
Personal name Malina, Frank J., ed.
9 (RLIN) 6110
710 ## - ADDED ENTRY--CORPORATE NAME
Corporate name or jurisdiction name as entry element Lunar International laboratory
9 (RLIN) 6111
942 ## - ADDED ENTRY ELEMENTS (KOHA)
Koha item type Books
Holdings
Withdrawn status Lost status Damaged status Not for loan Home library Current library Shelving location Date acquired Cost, normal purchase price Total Checkouts Full call number Barcode Date last seen Cost, replacement price Price effective from Koha item type Purchase Price
        IIA Library-Bangalore IIA Library-Bangalore General Stacks 21/04/1970 90.00   523.34-3/ RES 3846 05/11/2021 90.00 21/04/1970 Books Rs. 90.00

Powered by Koha